| 000 | 00450nam a2200181Ia 4500 | ||
|---|---|---|---|
| 001 | 25350 | ||
| 005 | 20260414151144.0 | ||
| 008 | 260414t2016||||xx |||||||||||||| ||spa|| | ||
| 041 | _aESP | ||
| 082 |
_a346.5 _bC243 |
||
| 100 |
_aCieza Mora, Jairo _eAUT |
||
| 245 | 0 |
_aPersonas, negocio jurídico y responsabilidad civil _b |
|
| 260 | _c2016 | ||
| 300 |
_a1205 páginas : _c24 cm. |
||
| 650 | _aDER | ||
| 654 | _aCDE | ||
| 942 |
_cLIB _dJUS _fJUS _2ddc _n |
||
| 999 |
_c25350 _d25350 |
||